000 00620nam a22002057a 4500
005 20180524123536.0
010 _aENG-123004
020 _c350.00
_a9789386582775
035 _aEN-106536
037 _bDBAD/PUB.
082 _aN
100 _aKurniawan, Eka
245 _aVengeance is mine, all others pay cash /
_cby Eka Kurniawan ; translated by Annie Tucker
260 _aNew Delhi
_bSpeaking Tiger
_c2017
270 _a4381/4, Ansari Road, Daryaganj
_bNew Delhi
_e110002
300 _a209p.
_b21cm(pbk)
490 _aSpeaking Tiger International Fiction
700 _aAnnie Tucker
942 _2ddc
_cEN
_hN
_mKUR
999 _c151937
_d151937